000 00628nam a2200181Ia 4500
008 090124s9999 xx 000 0 und d
082 _b33656
100 _aबनहट्टी राजेंद्र
245 _a अकबर ते औरंगजेब
250 _a1
260 _bमूरलँड डब्ल्यू.एच.
_c2006
300 _a407
600 _aबनहट्टी राजेंद्र
630 _a अकबर ते औरंगजेब
700 _aबनहट्टी राजेंद्र
730 _a अकबर ते औरंगजेब
942 _cBOOK
999 _c181261
_d181261